Т. 9: Вычислительный эксперимент в задачах тепломассообмена и теплопередачи. Ч. 2; Тепломассообмен - ММФ-92

Bibliografiska uppgifter
Parent link:Тепломассообмен - ММФ-92: II Минский Международный форум (18-22 мая 1992)/ Академия наук Белорусской ССР, Институт тепло- и массообмена им. А. В. Лыкова. Т. 9: Вычислительный эксперимент в задачах тепломассообмена и теплопередачи. Ч. 2.— , 1992
Språk:ryska
Publicerad: 1992
Ämnen:
Materialtyp: Bok
KOHA link:https://koha.lib.tpu.ru/cgi-bin/koha/opac-detail.pl?biblionumber=163183

MARC

LEADER 00000nam2a2200000 4500
001 163183
005 20231031160713.0
010 |a 5781507159 
020 |a RU  |b 92-14928 
035 |a (RuTPU)RU\TPU\book\177019 
035 |a RU\TPU\book\168854 
090 |a 163183 
100 |a 20090724g1992 km a0rusy5003 ca 
101 0 |a rus 
102 |a BY 
105 |a a z 001zy 
200 0 |a Т. 9: Вычислительный эксперимент в задачах тепломассообмена и теплопередачи. Ч. 2 
210 |d 1992 
215 |a 193 с.  |c ил. 
320 |a Библиография в конце статей 
461 1 |0 (RuTPU)RU\TPU\book\177018  |t Тепломассообмен - ММФ-92  |o II Минский Международный форум (18-22 мая 1992)  |o [материалы]  |f Академия наук Белорусской ССР, Институт тепло- и массообмена им. А. В. Лыкова  |v Т. 9: Вычислительный эксперимент в задачах тепломассообмена и теплопередачи. Ч. 2  |d 1992 
610 1 |a теплообмен 
610 1 |a массообмен 
610 1 |a сборники 
610 1 |a вычислительные эксперименты 
610 1 |a теплопередача 
610 1 |a тепломассообмен 
610 1 |a численные методы 
610 1 |a расчет 
675 |a 536  |v 3 
675 |a 533.6  |v 3 
801 0 |a RU  |b 63413507  |c 19960705  |g psbo 
801 1 |a RU  |b 63413507  |c 20090318  |g PSBO 
801 2 |a RU  |b 63413507  |c 20140616  |g PSBO 
942 |c BK